书目信息 |
| 题名: |
市政工程质量常见问题防治手册
|
|
| 作者: | 王伟胜 主编 | |
| 分册: | ||
| 出版信息: | 北京 中国建筑工业出版社 2018.06 |
|
| 页数: | 147页 | |
| 开本: | 26cm | |
| 丛书名: | ||
| 单 册: | ||
| 中图分类: | TU99 | |
| 科图分类: | ||
| 主题词: | 市政工程--shi zheng gong cheng--质量管理--手册 | |
| 电子资源: | ||
| ISBN: | 978-7-112-22144-8 | |
| 000 | 00960nam0 2200217 450 | |
| 001 | 0100002132 | |
| 005 | 20190311145208.17 | |
| 010 | @a978-7-112-22144-8@dCNY45.00 | |
| 100 | @a20180702d2018 em y0chiy50 ea | |
| 101 | 0 | @achi |
| 102 | @aCN@b110000 | |
| 105 | @aak z 000yy | |
| 200 | 1 | @a市政工程质量常见问题防治手册@Ashi zheng gong cheng zhi liang chang jian wen ti fang zhi shou ce@f主编王伟胜 |
| 210 | @a北京@c中国建筑工业出版社@d2018.06 | |
| 215 | @a147页@c图@d26cm | |
| 330 | @a本书包括的主要内容有: 路基工程、路面工程、道路附属工程、排水管道工程、综合管廊工程、桥梁工程等内容。本书的基本出发点是紧前工序合格, 仅对当前工序进行分析, 针对每项问题, 用具有代表性的图片加以体现, 从每个问题产生的现象入手, 详细分析问题产生的原因, 着重介绍预防措施以及治理措施。 | |
| 606 | 0 | @a市政工程@Ashi zheng gong cheng@x质量管理@j手册 |
| 690 | @aTU99@v5 | |
| 701 | 0 | @a王伟胜@Awang wei sheng@4主编 |
| 801 | 0 | @aCN@c20180910 |
| 905 | @a河南城建学院图书馆@dTU99@eW376 | |
| 市政工程质量常见问题防治手册/主编王伟胜.-北京:中国建筑工业出版社,2018.06 |
| 147页:图;26cm |
| ISBN 978-7-112-22144-8:CNY45.00 |
| 本书包括的主要内容有: 路基工程、路面工程、道路附属工程、排水管道工程、综合管廊工程、桥梁工程等内容。本书的基本出发点是紧前工序合格, 仅对当前工序进行分析, 针对每项问题, 用具有代表性的图片加以体现, 从每个问题产生的现象入手, 详细分析问题产生的原因, 着重介绍预防措施以及治理措施。 |
| ● |
| 相关链接 |
|
|
|
正题名:市政工程质量常见问题防治手册
索取号:TU99/W376
 
预约/预借
| 序号 | 登录号 | 条形码 | 馆藏地/架位号 | 状态 | 备注 |
| 1 | 1244523 | 212445237 | 建筑库201/201建筑库 122排2列3层/ [索取号:TU99/W376] | 在馆 | |
| 2 | 1386514 | 213865147 | 建筑库201/201建筑库 122排2列3层/ [索取号:TU99/W376] | 在馆 | |
| 3 | 1386515 | 213865156 | 建筑库201/201建筑库 122排2列3层/ [索取号:TU99/W376] | 在馆 |